000 00656nam a2200253Ia 4500
003 OSt
005 20221005072900.0
006 a|||||r|||| 00| 0
007 ta
008 221004b |||||||| |||| 00| 0 eng d
024 _a31571
037 _cTextual
040 _aCRL
_cCRL
_beng
041 _2eng
_aeng
082 _aX8(A):8, J7
100 _aLundy James L.
245 0 _aEffective industrial management
260 _aNew Delhi
_bEurasia Publishing House India
_c1964
300 _a588p.
_ccm.
650 _a ECONOMICS
650 _aINDUSTRIES
942 _hX8(A):8, J7
_cTEXL
_2cc
999 _c980201
_d980201